000
00311nam a22001337a 4500
003
SGT
020
_a
97815-43343-13-7
100
_a
SHEAIKH, SAMEER. S
245
_a
A TEXT BOOK OF INDUSTRIAL PHARMACY
250
_a
1st
260
_a
S. VIKAS
_b
PUNJAB
_c
2019
650
_a
INDUSTRIAL, PHARMACY
942
_2
ddc
_c
BK
999
_c
24640
_d
24640